Hacking exposed wireless : (Record no. 5585)

MARC details
000 -LEADER
fixed length control field 00584 a2200181 4500
010 ## - LCCN (DPL NO)
LC control number ENG-86917
020 ## - INTERNATIONAL STANDARD BOOK NUMBER
Terms of availability 450.00
International Standard Book Number 0070659060
035 ## - SYSTEM CONTROL NUMBER
System control number EN-70450
037 ## - SOURCE OF ACQUISITION
Source of stock number/acquisition DBAD / PUB
082 14 - DEWEY DECIMAL CLASSIFICATION NUMBER
Classification number 005.8
100 1# - MAIN ENTRY--PERSONAL NAME
Personal name Cache, Johny
245 1# - TITLE STATEMENT
Title Hacking exposed wireless :
Statement of responsibility, etc by Johnny Cache [and] Vincent Liu
Remainder of title wireless security secrets & solutions /
260 ## - PUBLICATION, DISTRIBUTION, ETC. (IMPRINT)
Place of publication, distribution, etc New Delhi
Name of publisher, distributor, etc Tata McGraw-Hill Publishing
Date of publication, distribution, etc 2007
270 ## - ADDRESS
Address 7, West Patel Nagar
City New Delhi :
Postal code 110 008
300 ## - PHYSICAL DESCRIPTION
Extent xxv, 387p
Dimensions 24cm (pbk)
700 ## - ADDED ENTRY--PERSONAL NAME
Personal name Liu, Vincent
942 ## - ADDED ENTRY ELEMENTS (KOHA)
Institution code [OBSOLETE] dpl
Item type English Books
Source of classification or shelving scheme Dewey Decimal Classification
Classification part 005.8
Call number suffix CAC
Holdings
Withdrawn status Lost status Not for loan Collection code Home library Current library Source of acquisition Cost, normal purchase price Full call number Barcode Copy number Cost, replacement price Koha item type
    Not For Loan Non-fiction D.B.Act.Division D.B.Act.Division DBAD/PUB 450.00 005.8 CAC EN-70450 1 450.00 English Books

© Delhi Public Library
Hit Counter
free hit counter